Music Quiz

Random Music or Song Quiz

'00s Songs by Initials Quiz Stats

Quiz Updated Nov 17, 2016

Challenge
Share
Tweet
Embed
Score 0/30 Timer 06:00
10 Plays Today
Initials Song % Correct
IKAGI Kissed a Girl
94.1%
HYHey Ya!
93.1%
SL (PAROI)Single Ladies (Put a Ring on It)
82.7%
VLVViva La Vida
80.8%
HDLHips Don't Lie
80.4%
LYLose Yourself
80.2%
ESOMEmpire State of Mind
69.2%
YBYou're Beautiful
68.9%
HGHollaback Girl
68.1%
HIHHot in Herre
56.4%
HYRMHow You Remind Me
52.1%
SMNSay My Name
50.1%
CSCandy Shop
48%
DILIHDrop It Like It's Hot
46%
MLWSWYMy Life Would Suck Without You
45.1%
Initials Song % Correct
RRRight Round
44.5%
BHCBefore He Cheats
41.2%
AFYAll For You
32.3%
WBTWe Belong Together
31.8%
WGA...CAWhat Goes Around...Comes Around
29.6%
IKILYI Knew I Loved You
25.6%
IR (MR)I'm Real (Murder Remix)
25.4%
RTRight Thurr
24.2%
URMU Remind Me
24.1%
COOB (AIWIY)Come on Over Baby (All I Want Is You)
24%
LBLean Back
22.1%
BUAD (SS)Buy U a Drank (Shawty Snappin')
18%
AOTAlways on Time
17.2%
TIWIHThis Is Why I'm Hot
16.8%
SJSlow Jamz
16.4%

You're not logged in!

Compare scores with friends on all Sporcle quizzes.
Join for Free
OR
Log In

You Might Also Like...

Show Comments

Extras

Top Quizzes Today


Score Distribution

Your Account Isn't Verified!

In order to create a playlist on Sporcle, you need to verify the email address you used during registration. Go to your Sporcle Settings to finish the process.

Report this User

Report this user for behavior that violates our Community Guidelines.

Details: